Statistiken für Deutsche Flughäfen anhand Flughafencode

Klicken Sie hier um das Quiz zu spielen!

Allgemein

  • Dieses Quiz wurde 711 mal gespielt
  • Das Durchschnittsergebnis liegt bei 25 aus 40

Antwortstatistiken

Name des FlughafenFlughafencode (IATA)% Korrekt
Berlin TegelTXL
100%
Berlin-BrandenburgBER
99%
Berlin-SchönefeldSXF
99%
BremenBRE
98%
Frankfurt am MainFRA
98%
Frankfurt-HahnHHN
98%
DüsseldorfDUS
97%
HamburgHAM
96%
MünchenMUC
96%
Köln/BonnCGN
95%
NürnbergNUE
95%
Leipzig/HalleLEJ
89%
StuttgartSTR
89%
DresdenDRS
88%
DortmundDTM
87%
Hannover-LangenhagenHAJ
86%
Erfurt-WeimarERF
84%
Paderborn/LippstadtPAD
81%
Karlsruhe/Baden-BadenFKB
68%
Münster/OsnabrückFMO
65%
Kassel-CaldenKSF
63%
Rostock-LaageRLG
59%
FriedrichshafenFDH
58%
SaarbrückenSCN
52%
MemmingenFMM
51%
Ingolstadt/ManchingIGS
50%
Braunschweig-WolfsburgBWE
46%
Lübeck-BlankenseeLBC
45%
NiederrheinNRN
41%
SyltGWT
40%
Magdeburg-CochstedtCSO
35%
Schwerin-ParchimSZW
34%
EmdenEME
33%
HeringsdorfHDF
18%
OberpfaffenhofenOBF
15%
Cuxhaven/NordholzFCN
11%
Stralsund-BarthBBH
11%
NeubrandenburgFNB
9%
LahrLHA
7%
SiegerlandSGE
6%

Verteilung der Resultate

Perzentil nach korrekt beantworteten Fragen

Anzahl Personen mit jedem Resultat

Ihre Resultats-Entwicklung

Sie haben dieses Quiz noch nicht gespielt